Recyklácia skla a jej potenciál na Slovensku

Výhody a potenciál recyklácie skla a sklenených materiálov. Environmentálne benefity uvedeného procesu. Právne aspekty recyklácie. Reálna miera triedeného zberu a recyklácie sklenených obalov v Európskej únii a na Slovensku.

Gespeichert in:
Bibliographische Detailangaben
1. Verfasser: Maslen, Michal
Format: Buchkapitel
Sprache:Slowakisch
Schlagworte:
Tags: Tag hinzufügen
Keine Tags, Fügen Sie das erste Tag hinzu!

MARC

LEADER 00000naa a2200000 4500
001 0304401
005 20241002081832.4
041 0 |a slo 
044 |a SK 
245 1 0 |a Recyklácia skla a jej potenciál na Slovensku  |c Michal Maslen 
520 |a Výhody a potenciál recyklácie skla a sklenených materiálov. Environmentálne benefity uvedeného procesu. Právne aspekty recyklácie. Reálna miera triedeného zberu a recyklácie sklenených obalov v Európskej únii a na Slovensku. 
610 2 0 |a recyklácia odpadu 
610 2 0 |a sklo 
610 2 0 |a Slovensko 
610 2 0 |a Európska únia 
610 2 0 |a prostredie životné 
610 2 0 |a obaly 
610 2 0 |a udržateľnosť 
100 1 |a Maslen, Michal